000
00342nam a2200145Ia 4500
008
210719s1969 xx 000 0 und d
041
_a
eng
082
_a
823.8 ELIM
100
_a
ELIOT (George)
245
_a
Mill on the floss.
260
_a
London
_b
Heron Books
_c
1969
300
_a
x,485
_b
HB
365
_c
Rs
650
_a
English Fiction
999
_c
213169
_d
213169